Mine Surveying (Record no. 535299)

000 -LEADER
fixed length control field 00303nam a22001337a 4500
020 ## - INTERNATIONAL STANDARD BOOK NUMBER
International Standard Book Number 978-81-89922-45-0
040 ## - CATALOGING SOURCE
Transcribing agency MSOHAIL
082 ## - DEWEY DECIMAL CLASSIFICATION NUMBER
Classification number 622.14
Author Mark SIN
100 ## - MAIN ENTRY--PERSONAL NAME
Personal name Sateyesh Singh
9 (RLIN) 29782
245 ## - TITLE STATEMENT
Title Mine Surveying
260 ## - PUBLICATION, DISTRIBUTION, ETC.
Place of publication, distribution, etc. Venus Books
Name of publisher, distributor, etc. India
Date of publication, distribution, etc. c2014
300 ## - PHYSICAL DESCRIPTION
Extent x;302;p
942 ## - ADDED ENTRY ELEMENTS (KOHA)
Source of classification or shelving scheme
Koha item type Book
Holdings
Withdrawn status Lost status Source of classification or shelving scheme Damaged status Not for loan Permanent Location Current Location Date acquired Total Checkouts Full call number Barcode Date last seen Price effective from Koha item type
          School of Civil and Environmental Engineering (SCEE) School of Civil and Environmental Engineering (SCEE) 09/03/2020   622.14 SIN NIT-13181 09/03/2020 09/03/2020 Book
© 2023 Central Library, National University of Sciences and Technology. All Rights Reserved.